Elementary statistics : (Record no. 6734)
[ view plain ]
| 000 -LEADER | |
|---|---|
| fixed length control field | 01305cam a22002174a 4500 |
| 020 ## - INTERNATIONAL STANDARD BOOK NUMBER | |
| ISBN | 9780073534961 |
| 020 ## - INTERNATIONAL STANDARD BOOK NUMBER | |
| ISBN | 007353496X |
| 020 ## - INTERNATIONAL STANDARD BOOK NUMBER | |
| ISBN | 9780073283418 (annotated instructor's ed.) |
| 020 ## - INTERNATIONAL STANDARD BOOK NUMBER | |
| ISBN | 007328341X |
| 050 00 - CALL NUMBER | |
| Classification number | QA276.12 |
| Item number | .B585 |
| 100 1# - AUTHOR | |
| Personal name | Bluman, Allan G. |
| 245 10 - TITLE | |
| Title | Elementary statistics : |
| Remainder of title | a brief version / |
| Statement of responsibility, etc | Allan G. Bluman. |
| 250 ## - EDITION | |
| Edition statement | 4th ed. |
| 260 ## - PUBLICATION INFORMATION | |
| Place of publication | Boston : |
| Name of publisher | McGraw-Hill/ Higher Education, |
| Year of publication | c2008. |
| 300 ## - DESCRIPTION | |
| Number of Pages | 1 v. (various pagings) : |
| Other physical details | col. ill. ; |
| Dimensions | 27 cm. |
| 500 ## - NOTES | |
| General note | Includes index. |
| 500 ## - NOTES | |
| General note | Includes fold out of "Important Formulas". |
| 505 ## - FORMATTED CONTENTS NOTE | |
| Table of Content | Chapter 1. The nature of probability and statistics --<br/>Chapter 2. Frequency distributions and graphs --<br/>Chapter 3. Data description --<br/>Chapter 4. Probability and counting rules --<br/>Chapter 5. Discrete probability distributions --<br/>Chapter 6. The normal distribution --<br/>Chapter 7. Confidence intervals and sample size --<br/>Chapter 8. Hypothesis testing --<br/>Chapter 9. Testing the difference between two means, two variances, and two proportions --<br/>Chapter 10. Correlation and regression --<br/>Chapter 11. Chi-square and analysis of variance (ANOVA) --<br/>Algebra review --<br/>Writing the research report --<br/>Alternate approach to the standard normal distribution. |
| 650 #0 - SUBJECTS | |
| Topical Term | Statistics |
| 942 ## - ADDED ENTRY ELEMENTS (KOHA) | |
| Koha item type | Books |
| Withdrawn status | Lost status | Collection code | Home library | Current library | Shelving location | Date acquired | Full call number | Accession Number | Koha item type |
|---|---|---|---|---|---|---|---|---|---|
| Reference | Methodist University Library Main | Methodist University Library Main | General Stacks | 18/07/2017 | QA276.12 .B585 | 4513 | Books |